|
|
|
|
| LEADER |
01094nam a2200277 a 4500 |
| 001 |
12814205 |
| 008 |
090713s2003 nyu be 001 0 eng d |
| 010 |
|
|
|a 2002009231
|
| 020 |
|
|
|a 0826414567 (hardcover)
|
| 020 |
|
|
|a 0826418392
|
| 040 |
|
|
|a DLC
|c DLC
|d DLC
|
| 082 |
0 |
0 |
|a 820/.3
|2 21
|
| 245 |
0 |
4 |
|a The Continuum encyclopedia of British literature /
|c Steven R. Serafin and Valerie Grosvenor Myer, editors.
|
| 246 |
3 |
0 |
|a Encyclopedia of British literature
|
| 260 |
|
|
|a New York :
|b Continuum,
|c 2003.
|
| 300 |
|
|
|a xvi, 1184 p. ;
|c 29 cm.
|
| 504 |
|
|
|a Includes bibliographical references and index.
|
| 541 |
1 |
|
|e 00016581
|
| 650 |
|
0 |
|a English literature
|v Encyclopedias.
|
| 650 |
|
0 |
|a English literature
|x Irish authors
|v Encyclopedias.
|
| 650 |
|
0 |
|a British literature
|v Encyclopedias.
|
| 700 |
1 |
|
|a Serafin, Steven.
|
| 700 |
1 |
|
|a Myer, Valerie Grosvenor.
|
| 852 |
4 |
|
|a Ayesha Abed Library
|j General shelf
|
| 999 |
|
|
|c 2332
|d 2332
|
| 952 |
|
|
|0 0
|1 4
|2 ddc
|4 0
|6 820_300000000000000_CON
|7 0
|9 2156
|a BRACUL
|b BRACUL
|c GEN
|d 2009-07-13
|l 0
|o 820.3 CON
|p 3010016581
|r 2009-07-13
|t 1
|w 2009-07-13
|y BK
|x Koha Inventory 2020
|